000 00214nam a2200097Ia 4500
008 220204s9999 xx 000 0 und d
082 _a82-3
_bVEE
100 _aVeena Paintal
245 0 _aSpring returns
942 _cBK
999 _c28568
_d28568